000 01031nam a22002417a 4500
005 2009111306196.0
008 091113t xxu||||| |||| 00| 0 eng d
010 _aENG-95503
020 _a9788131306406
_c495.00
035 _aEN-78037
037 _bDBAD/PUB
040 _aDPL
082 _a483.1
100 _aTarafder, S. K.
245 _aBetter English /
_c by S.K. Tarafder
260 _aNew Delhi
_bAPH. Publishing Corporation
_c2009
270 _a4435-36/7 Ansari Road, Darya Ganj
_bNew Delhi
_e110002
300 _a 217p.
_c22 cm.(Hb)
500 _aBetter book of idioms, homonyms, appropriate prepositions and abbreviations
942 _2ddc
_cEN
_mTAR
_h483.1
999 _c31939
_d31939